| 000 | 00935 a2200289 4500 | ||
|---|---|---|---|
| 001 | 200000311 | ||
| 999 |
_c200000311 _d42925 |
||
| 003 | TR-AnTOB | ||
| 005 | 20230829143102.0 | ||
| 008 | 001025s2000 nyuac 000 0 eng d | ||
| 010 | _a99-87785 | ||
| 015 | _aGB A0-67135 | ||
| 020 | _a0201346729 | ||
| 035 | _aBNB2615.787 | ||
| 040 |
_aDLC _cDLC |
||
| 245 | 0 |
_aEven more true stories : _ban intermediate reader / _cby Sandra Heyer. |
|
| 250 | _a2nd ed. | ||
| 300 |
_a126 p. : _bill., port. ; _c26 cm. |
||
| 500 | _aPrevious ed.: 1992. | ||
| 852 |
_yIn place _5N13144865 _718168272 |
||
| 942 | _cBK | ||
| 041 | _atur | ||
| 100 | 1 |
_aHeyer, Sandra _967904 |
|
| 264 | 1 |
_aWhite Plains, N.Y. ; _a[Great Brtain] : _bLongman, _c2000. |
|
| 650 | 0 |
_aReaders _967599 |
|
| 650 | 0 |
_aEnglish language _vTextbooks for foreign speakers _xTextbooks for foreign speakers _967636 |
|